000
00327nam a2200133Ia 4500
999
_c
3796
_d
3796
008
200302s9999 xx 000 0 und d
082
_a
726.5
_b
SHA
100
_a
Naresh Shah and Prasad Anaokar
245
_a
An Introduction to Predesign
260
_b
Council of Architecture
260
_c
2015
300
_a
119
942
_2
ddc